Computer Algebra Recipes An Introductory Guide to the Mathematical Models of Science (Record no. 183201)

MARC details
000 -LEADER
fixed length control field 00360nam a2200121Ia 4500
008 - FIXED-LENGTH DATA ELEMENTS--GENERAL INFORMATION
fixed length control field 230303s9999 xx 000 0 und d
041 ## - LANGUAGE CODE
Language code of text/sound track or separate title eng
082 ## - DEWEY DECIMAL CLASSIFICATION NUMBER
Classification number 512.02 ENN
100 ## - MAIN ENTRY--PERSONAL NAME
Personal name Mc Guire (George. C)
245 ## - TITLE STATEMENT
Title Computer Algebra Recipes An Introductory Guide to the Mathematical Models of Science
260 ## - PUBLICATION, DISTRIBUTION, ETC.
Place of publication, distribution, etc. SPRINGER
Name of publisher, distributor, etc. Mc Guire (George. C
365 ## - TRADE PRICE
Currency code RS
Holdings
Withdrawn status Lost status Damaged status Not for loan Home library Current library Date acquired Cost, normal purchase price Total Checkouts Full call number Barcode Date last seen Price effective from Koha item type
        College of Engineering, New Delhi College of Engineering, New Delhi 03/03/2023 4088.60   512.02 ENN EB9725 03/03/2023 03/03/2023 Book